Konateľ spoločnosti s ručením obmedzeným

Bibliographic Details
Main Author: Černá, Anna (Author)
Format: Article
Language:Slovak
ISSN:1335-1583
Subjects:

MARC

LEADER 00000nab a2200000 a 4500
001 vtls000667127
003 SK-MaSNL
005 20260302183811.0
008 180206c1998 xo 0 slo
015 |a SNBRB1998/07-18098 
035 |a CLN000019309 
040 |a SNKBUCL  |b slo  |c SNKBUCL  |e AACR2 
041 0 |a slo 
044 |a xo  |c SK 
080 |a 347.724  |2 UDC-MRF-SK2 
080 |a 658.114.4  |2 UDC-MRF-SK2 
100 1 |a Černá, Anna  |4 aut  |9 667228 
245 1 0 |a Konateľ spoločnosti s ručením obmedzeným  |c Anna Černá 
650 0 7 |a spoločnosti s ručením obmedzeným  |x orgány štatutárne  |2 snkbucl  |9 898015 
650 0 7 |a orgány štatutárne  |2 snkbucl  |9 838627 
655 7 |a články z novín a časopisov  |2 snkbucl  |9 267496 
773 0 |x 1335-1583  |t Poradca  |g Č. 12-13 (1998), s. 388-397 
850 |a Slovenská národná knižnica v Martine 
852 |a SNK  |b KIS3GCP 
958 |a RBX 
999 |c 1422984  |d 1424914